| 000 | 00787nam a2200253 a 4500 | ||
|---|---|---|---|
| 008 | |||
| 020 | _a1855733137 (pbk.) | ||
| 049 | 0 | _aMAIN | |
| 090 | 0 | 1 |
_aTT680 _bSPE |
| 100 | 1 | _aSpencer, David J. | |
| 245 | 1 | 0 |
_aKnitting technology : _ba comprehensive handbook and practical guide to modern day principles and practices / _cDavid J. Spencer. |
| 250 | _a2nd ed. | ||
| 260 |
_aCambridge : _bWoodhead, _c1989. |
||
| 300 |
_axix, 357 p. : _bill. ; _c25 cm. |
||
| 504 | _aIncludes bibliographical references. | ||
| 500 | _aIncludes index. | ||
| 650 | 0 | _aMachine knitting. | |
| 650 | 0 | _aKnitting machines. | |
| 907 |
_a.b10106467 _b15-02-12 _c14-01-04 |
||
| 003 | |||
| 005 | 20230123134051.0 | ||
| 040 | _cNUST | ||
| 942 |
_cBOOKS _kTT680 _mSPE |
||
| 999 |
_c159445 _d159445 |
||